| 000 | 00333nam a22001337a 4500 | ||
|---|---|---|---|
| 020 | _qHB. | ||
| 040 | _cFIZZA ISHAQ | ||
| 082 |
_a530 _bLEG |
||
| 100 |
_aLEGGE,F-J GEORGE. _9130735 |
||
| 245 |
_aPHYSICS MATTER,ENERGY AND UNIVERSE / _bGEORGE J.F.LEGGE. |
||
| 260 |
_aUSA ; _bNEW YORK, _c1967. |
||
| 300 | _a557 P. ; | ||
| 942 |
_2ddc _cBK |
||
| 999 |
_c614923 _d614923 |
||